[Event "CZE-ch Betsys Online Blitz"]
[Site "Chess.com INT"]
[Date "2021.04.17"]
[Round "9"]
[White "Pavlasek, Lukas"]
[Black "Brousek, Jiri"]
[Result "0-1"]
[WhiteElo "1681"]
[BlackElo "1833"]
[PlyCount "100"]
[EventDate "2021.04.17"]
[EventType "swiss (blitz)"]
[EventRounds "13"]
[EventCountry "CZE"]
[SourceTitle "CBM 201 Extra"]
[Source "ChessBase"]
[SourceDate "2021.05.31"]
[SourceVersion "1"]
[SourceVersionDate "2021.05.31"]
[SourceQuality "1"]

1. e4 e6 2. d4 d5 3. exd5 exd5 4. Nf3 Bd6 5. Bd3 Ne7 6. 0-0 Bf5 7. Bg5 f6 8. Bxf5 Nxf5 9. Re1+ Ne7 10. Bd2 0-0 11. c3 Qd7 12. Be3 c6 13. Nbd2 Na6 14. Nb3 b6 15. Qd2 Nc7 16. Re2 Rae8 17. Rae1 Nf5 18. Bf4 Bxf4 19. Qxf4 Nd6 20. Rxe8 Rxe8 21. Rxe8+ Ncxe8 22. h3 Qe6 23. Qd2 Nc4 24. Qc1 Ned6 25. Nbd2 g6 26. b3 Nxd2 27. Qxd2 Kg7 28. Kf1 a5 29. h4 h5 30. a3 Qe4 31. Qe2 Qxe2+ 32. Kxe2 Nb5 33. c4 dxc4 34. bxc4 Nxa3 35. Kd3 b5 36. cxb5 cxb5 37. Kc3 Kf7 38. Nd2 Ke6 39. Kb3 Nc4 40. Nxc4 bxc4+ 41. Kxc4 a4 42. Kb4 Kd5 43. Kxa4 Kxd4 44. Kb3 Kd3 45. f3 Ke3 46. Kc3 g5 47. hxg5 fxg5 48. Kc2 h4 49. Kd1 Kf2 50. f4 gxf4 0-1

[Event "CZE-ch Betsys Online Blitz"]
[Site "Chess.com INT"]
[Date "2021.04.17"]
[Round "6"]
[White "Pavlasek, Lukas"]
[Black "Gloser, David"]
[Result "0-1"]
[WhiteElo "1681"]
[BlackElo "2152"]
[PlyCount "70"]
[EventDate "2021.04.17"]
[EventType "swiss (blitz)"]
[EventRounds "13"]
[EventCountry "CZE"]
[SourceTitle "CBM 201 Extra"]
[Source "ChessBase"]
[SourceDate "2021.05.31"]
[SourceVersion "1"]
[SourceVersionDate "2021.05.31"]
[SourceQuality "1"]

1. e4 c5 2. Nf3 d6 3. d4 cxd4 4. Nxd4 Nf6 5. Nc3 g6 6. Be3 Bg7 7. Bc4 0-0 8. 0-0 Nc6 9. Qd2 Ng4 10. Nxc6 bxc6 11. Be2 Nxe3 12. Qxe3 Be6 13. a3 Qb6 14. Qxb6 axb6 15. Rab1 b5 16. Nd1 Ra4 17. Bf3 b4 18. axb4 Rxb4 19. b3 Rfb8 20. Ne3 Bd4 21. Nd1 Be5 22. Ne3 h5 23. h3 Kg7 24. Rbd1 Ra8 25. Rb1 Ra2 26. c4 Bf4 27. Rfe1 Bxe3 28. Rxe3 Ra3 29. e5 c5 30. exd6 exd6 31. Bd5 Bxd5 32. cxd5 c4 33. Rc1 cxb3 34. Rxb3 Raxb3 35. Rc6 Rb6 0-1